000 00538nam a22001937a 4500
010 _aENG-120504
020 _a9789383056057
_c250.00
035 _aEN-104036
037 _bDBAD/PUB
082 _aS
100 _a Govil, Prabodh Kumar
245 _aHormonal fencing /
_cby Prabodh Kumar Govil
260 _aJaipur
_bMonika Prakashan
_c201?
270 _a85/175, Pratap Nagar, Sanganar,
_bJaipur
_e302033
300 _a102p.
_c21cm(Hb).
700 _aChowdhury, Manjula
700 _aChakraborty, Uttara
942 _2ddc
_cEN
_hS
_mGOV
999 _c144144
_d144144